Business Processes and Context-Sensitive Business Documents: Business collaborations based on UMM 1.0

Saved in:
Bibliografiske detaljer
Hovedforfatter: Hofreiter, Birgit (Author)
Format: Bog
Sprog:engelsk
Udgivet: Múnich Dr. Müller 2008
Fag:
Tags: Tilføj Tag
Ingen Tags, Vær først til at tagge denne postø!

MARC

LEADER 00000nam a2200000 a 4500
001 UCH9470
003 CL-VaPUC
008 100107e20080000gw |||||||||||||||||eng|d
020 |a 9783639000368 
082 0 4 |a 658.5  |b HOF  |2 21 
100 0 |a Hofreiter, Birgit  |e author  |9 546602 
245 1 0 |a Business Processes and Context-Sensitive Business Documents: Business collaborations based on UMM 1.0 
300 |a 146 p 
942 |c BK 
945 |d 20100107 00:00:00  |a dcastane 
260 |a Múnich  |b Dr. Müller  |c 2008 
650 0 |a Administración de empresas   |9 260833 
650 7 |a PLANIFICACION OPERACIONAL  |2 CL-VaPUC  |9 340981 
650 7 |a CONTROL ADMINISTRATIVO  |2 CL-VaPUC  |9 368209 
650 0 |a Operaciones administrativas  |9 335045 
650 7 |a DOCUMENTOS COMERCIALES  |2 CL-VaPUC  |9 390228 
583 |a last modification  |c 20171010 12:04:24  |k Rodrigo Vera 
999 |c 339438  |d 339436 
952 |0 0  |1 0  |4 0  |6 658_500000000000000_HOF_2008  |7 0  |8 A  |9 433093  |a BIBING  |b BIBING  |d 2019-11-22  |i 4632931  |o 658.5 HOF 2008  |p 4632931  |r 2025-01-20  |w 2019-11-22  |y BK  |k EII